| 000 | 01501cam a2200241 4500 | ||
|---|---|---|---|
| 001 | L159887 | ||
| 008 | 020429n2017 000 0 eng u | ||
| 035 | _a(Sirsi) u159887 | ||
| 041 | _aeng. | ||
| 050 | _a690.8 | ||
| 110 |
_aLondon Assembly _bPlanning and Housing Committee _95959 |
||
| 245 |
_aDesigned, sealed, delivered _bThe contribution of offsite manufactured homes to solving London's housing crisis _h[electronic resource] |
||
| 260 |
_aLondon _bLondon Assembly _c2017 |
||
| 520 | _aCalls on Mayor Sadiq Khan to create a standard design code for offsite manufactured homes (OSM) designating public land, resources and planning powers to incentivise the sector. London needs 50,000 new homes a year to meet its growing needs. To reach this target, an innovative approach is vital. In the seventies, factory-built housing contributed significantly to supply. The new model of factory manufactured homes is light years away from this. Today?s builders and manufacturers are producing offsite manufactured homes (OSM), characterised by high quality, digital design, precision engineering and eco-efficient performance. | ||
| 650 | _aHOUSE BUILDING | ||
| 650 | _aHOUSING DESIGN | ||
| 650 | _aOFFSITE FABRICATION | ||
| 650 | 2 | 4 |
_aPlanning and development _96259 |
| 651 | 4 | _aENGLAND AND WALES | |
| 690 | _aBUILT ENVIRONMENT | ||
| 856 |
_uhttps://www.london.gov.uk/sites/default/files/london_assembly_osm_report_0817.pdf _z View this item free of charge at www.london.gov.uk |
||
| 942 | _n0 | ||
| 999 |
_c116142 _d116142 |
||